Pay close attention to tax (Record no. 81005)

MARC details
000 -LEADER
fixed length control field 00662cab a22002055a 4500
001 - CONTROL NUMBER
control field L146023
008 - FIXED-LENGTH DATA ELEMENTS--GENERAL INFORMATION
fixed length control field 081202e20081129xxka f g 000 0 eng d
035 ## - SYSTEM CONTROL NUMBER
System control number (Sirsi) u146023
041 0# - LANGUAGE CODE
Language code of text/sound track or separate title eng
100 1# - MAIN ENTRY--PERSONAL NAME
Personal name Chapper, Jonathan
245 00 - TITLE STATEMENT
Title Pay close attention to tax
260 ## - PUBLICATION, DISTRIBUTION, ETC.
Date of publication, distribution, etc. 2008
490 ## - SERIES STATEMENT
Series statement Estates Gazette
Volume/sequential designation (0847) 29 November 2008, 108-109(2)
510 4# - CITATION/REFERENCES NOTE
Name of source Mainly for students article addresses stamp duty land tax (SDLT). Discusses the nature of the tax, group relief, term, break clauses and rent reviews.
590 ## - LOCAL NOTE (RLIN)
Local note KA
651 #4 - SUBJECT ADDED ENTRY--GEOGRAPHIC NAME
Geographic name England and Wales
Chronological subdivision 1543-
690 ## - LOCAL SUBJECT ADDED ENTRY--TOPICAL TERM (OCLC, RLIN)
Topical term or geographic name as entry element PROPERTY-PROPERTY TAXATION
700 1# - ADDED ENTRY--PERSONAL NAME
Personal name Allen, Tim
942 ## - ADDED ENTRY ELEMENTS (KOHA)
Suppress in OPAC 0
Holdings
Withdrawn status Lost status Source of classification or shelving scheme Damaged status Not for loan Home library Current library Shelving location Date acquired Total Checkouts Full call number Barcode Date last seen Copy number Price effective from Koha item type
    Dewey Decimal Classification     London London Journal article 02/12/2008   L146023 146023-1001 06/08/2019 1 06/08/2019 Journal article